00920nam a22001937a 4500003000900000008004100009040007100050082001900121100002500140245006200165260003400227300005600261505026300317650001700580650001500597650003300612700003400645700004700679AR-CdUCM190306b ||||| |||| 00| 0 spa d aMUNICIPALIDAD PROVINCIAL DEL CUSCOcBIBLIOTECA MUNICIPAL DEL CUSCO a338.973 /bC22 aCalderwood, James D. aDesarrollo económico :bLa experiencia norteamericana / aBuenos Aires :bHOBBS,c1964. a155 páginas ;bilustraciones, gráficos,c19 cm. aContenido: Las lecciones de la Historia -- Una ojeada a la economía Norteamericana -- El papel de los individuos y la empresa privada -- El papel del Gobierno en la economía Norteamericana -- La realización de los objetivos económicos y sociales ...  aCooperativas aEconomía aTrabajadores Norteamericanos aBienvenu, Harold J. (coautor) aCórdoba Palacios, Ernesto (traducción)